[Event "34th Chess Olympiad (women)"]
[Site "Istanbul"]
[Date "2000.10.30"]
[Round "3.13.1"]
[White "Klinova, Masha"]
[Black "Fierro, Martha"]
[WhiteElo "2350"]
[BlackElo "2338"]
[WhiteCountry "ISR"]
[BlackCountry "ECU"]
[Result "1/2-1/2"]

1. e4 d5 2. ed5 Qd5 3. Nc3 Qa5 4. d4 c6 5. Bd2 Nf6 6. Bc4 Bf5 7. Nf3 e6 
8. Qe2 Bb4 9. a3 Nbd7 10. O-O Bc3 11. Bc3 Qc7 12. Ne5 Ne5 13. de5 Nd5 
14. Be1 Nf4 15. Qe3 Ng6 16. f4 Qb6 17. Qb6 ab6 18. Bb3 O-O 19. a4 Rfd8 
20. Bf2 c5 21. g3 h5 22. Rfd1 h4 23. c3 Be4 24. Rd8+ Rd8 25. Rd1 Ra8 
26. Rd6 Bc6 27. Bc2 h3 28. b3 c4 29. Bb6 cb3 30. Bb3 Ba4 31. Bc4 Ne7 
32. Rd8+ Rd8 33. Bd8 Nd5 34. Ba5 Ne3 35. Be2 Bd1 36. Bd3 Bg4 37. c4 Bf5 
38. Be2 Bg4 39. Bd3 Bf5 
1/2-1/2

[Event "34th Chess Olympiad (women)"]
[Site "Istanbul"]
[Date "2000.10.30"]
[Round "3.13.2"]
[White "Moncayo, Evelyn"]
[Black "Pitam, Ela"]
[WhiteElo "2135"]
[BlackElo "2323"]
[WhiteCountry "ECU"]
[BlackCountry "ISR"]
[Result "0-1"]

1. e4 e6 2. d4 d5 3. Nc3 Bb4 4. e5 c5 5. a3 Bc3+ 6. bc3 Qa5 7. Qd2 Nc6 
8. Nf3 Qa4 9. Be2 c4 10. O-O h6 11. Nh4 Bd7 12. f4 Nge7 13. Bh5 Rf8 
14. Qe2 O-O-O 15. Bg4 g6 16. Bh3 Nf5 17. Nf5 ef5 18. g3 Be6 19. Rf2 Kb8 
20. Be3 Ne7 21. Rff1 Rc8 22. Rfb1 Rfd8 23. Rb4 Qa5 24. Rab1 Rd7 25. Qe1 Nc6 
26. Rb5 Qa3 27. Ra1 Qe7 28. Bc1 Rh8 29. Ba3 Qd8 30. Bd6+ Rd6 31. ed6 Qd6 
32. Qb1 Qc7 33. Bg2 Rd8 34. Ra2 b6 35. Qc1 Kc8 36. Qa3 Rd6 37. Qc1 h5 
38. Bf3 Qd7 39. Rb1 Qc7 40. Qf1 Rd8 41. Kf2 Ne7 42. Rba1 Nc6 43. Ra6 h4 
44. Qg2 hg3+ 45. hg3 Na5 46. Rb1 Qd7 47. Ke3 Qe7 48. Kd2 Qa3 49. Ra7 Nb3+ 
50. Rb3 Qa7 51. Rb4 f6 52. Qe2 Bf7 53. Rb5 Re8 54. Qf2 Qb7 55. Qh2 Qc6 
56. Rb1 g5 57. Qf2 Qd6 58. Bg2 Bh5 59. Re1 Re1 60. Ke1 b5 61. Bh3 g4 
62. Bf1 Be8 63. Qd2 Kc7 64. Kd1 Qa3 65. Qe1 Bd7 66. Bg2 Kd6 67. Ke2 Qb2 
68. Qd2 Bc6 69. Kf2 b4 70. cb4 Ba4 71. Ke3 Bc2 72. b5 Qb3+ 73. Kf2 c3 
74. Qe2 Qb2 75. b6 Bd3 
0-1

[Event "34th Chess Olympiad (women)"]
[Site "Istanbul"]
[Date "2000.10.30"]
[Round "3.13.3"]
[White "Borsuk, Angela"]
[Black "Vasquez, Rocio"]
[WhiteElo "2303"]
[BlackElo "2235"]
[WhiteCountry "ISR"]
[BlackCountry "ECU"]
[Result "1/2-1/2"]

1. d4 d5 2. c4 e6 3. Nc3 Nf6 4. Nf3 Be7 5. e3 a6 6. b3 Ne4 7. Ne4 de4 8. Nd2 f5 
9. Qc2 O-O 10. Be2 Nc6 11. Bb2 Bf6 12. a3 e5 13. d5 Ne7 14. O-O-O Kh8 
15. g4 fg4 16. Ne4 Bf5 17. Bd3 Ng6 18. Nc5 Bd3 19. Qd3 Qe7 20. Ne4 Bh4 
21. h3 Bf2 22. hg4 Bh4 23. Rh3 Rf7 24. Rdh1 Raf8 25. d6 Qd8 26. c5 Rf3 
27. Rf3 Rf3 28. Rd1 cd6 29. Qd6 Qc8 30. g5 Qg8 31. Qd5 Re3 32. Qb7 Rb3 
33. Qb3 Qb3 34. Rd8+ Qg8 35. Rg8+ Kg8 36. c6 h6 37. Be5 Ne7 38. gh6 Nc6 
39. Bg7 Kh7 40. Kc2 Nd8 41. Kb3 Ne6 42. Bf6 Bf6 43. Nf6+ Kh6 44. Kb4 Kg6 
45. Nd5 Kf5 46. Ka5 Ke5 47. Nb4 Kd6 48. Ka6 Kc7 49. Nd5+ Kc6 50. Nb4+ Kc7 
51. Kb5 Nd4+ 52. Kc4 Nc6 53. Nd5+ Kb7 54. Kc5 Nd8 55. Kb5 Ne6 56. Ka5 Nc5 
57. Kb4 Na6+ 
1/2-1/2

[Event "34th Chess Olympiad (women)"]
[Site "Istanbul"]
[Date "2000.10.30"]
[Round "3.14.1"]
[White "Botsari, Anna-Maria"]
[Black "Grosar, Kiti"]
[WhiteElo "2325"]
[BlackElo "2223"]
[WhiteCountry "GRE"]
[BlackCountry "SLO"]
[Result "1-0"]

1. d4 Nf6 2. c4 g6 3. Nc3 Bg7 4. e4 d6 5. f3 O-O 6. Bg5 c6 7. Qd2 a6 8. a4 Re8 
9. a5 Nbd7 10. Ra3 b5 11. ab6 Nb6 12. b4 Qc7 13. Be3 e5 14. de5 de5 15. c5 Nbd7 
16. Bc4 Nf8 17. Nge2 Ne6 18. O-O a5 19. Qa2 Bf8 20. Rb1 Rd8 21. Kf2 Nd4 
22. Nc1 Ba6 23. Ba6 Ra6 24. Nb3 Nb3 25. Qb3 Raa8 26. Qa2 Rd3 27. Qe2 Qd8 
28. ba5 Bc5 29. Bc5 Rd2 30. a6 Qd3 31. Qd2 Qd2+ 32. Kg1 Nh5 33. g3 Ra6 
34. Nd5 cd5 35. Rb8+ Kg7 36. Bf8+ Kf6 37. Ra6+ 
1-0

[Event "34th Chess Olympiad (women)"]
[Site "Istanbul"]
[Date "2000.10.30"]
[Round "3.14.2"]
[White "Licina, Anita"]
[Black "Makropoulou, Marina"]
[WhiteElo "2200"]
[BlackElo "2284"]
[WhiteCountry "SLO"]
[BlackCountry "GRE"]
[Result "0-1"]

1. e4 d5 2. ed5 Qd5 3. Nc3 Qa5 4. d4 Nf6 5. Nf3 c6 6. Bc4 Bf5 7. Bd2 e6 
8. Qe2 Bb4 9. O-O Nbd7 10. a3 Bc3 11. Bc3 Qc7 12. Bd3 Bd3 13. Qd3 Rd8 
14. Qe2 O-O 15. Rfe1 Rfe8 16. Rad1 Nb6 17. Ne5 Na4 18. Rd3 Nc3 19. bc3 Nd5 
20. g3 c5 21. c4 Nb6 22. dc5 Qc5 23. Rd8 Rd8 24. h3 Qc7 25. Qe3 f6 26. Nd3 e5 
27. c5 Nc4 28. Qe4 Rd4 29. Qf5 Qd7 30. Qf3 e4 31. Qh5 Nd2 32. Re3 g6 
33. Qh6 ed3 34. c3 Re4 
0-1

[Event "34th Chess Olympiad (women)"]
[Site "Istanbul"]
[Date "2000.10.30"]
[Round "3.15.1"]
[White "Misanovic, Vesna"]
[Black "Berezina, Irina"]
[WhiteElo "2384"]
[BlackElo "2304"]
[WhiteCountry "BIH"]
[BlackCountry "AUS"]
[Result "0-1"]

1. d4 Nf6 2. c4 g6 3. Nc3 Bg7 4. e4 d6 5. Nf3 O-O 6. Be2 c6 7. h3 Na6 8. Bg5 e5 
9. d5 cd5 10. cd5 h6 11. Be3 Nh5 12. Nd2 Nf4 13. Bf1 Nc5 14. Nb3 b6 15. g3 Nh5 
16. Be2 Nf6 17. Nd2 a5 18. g4 Ne8 19. Rg1 Kh7 20. h4 f5 21. ef5 gf5 22. g5 e4 
23. gh6 Bf6 24. Bg5 Rg8 25. f4 Ba6 26. Ba6 Ra6 27. Qh5 Nd3+ 28. Ke2 Ra7 
29. Raf1 Qd7 30. Ke3 Qf7 31. Qf7+ Rf7 32. Nc4 Nb2 33. Nb2 Bc3 34. Na4 Bb4 
35. Ra1 Nc7 36. Rgd1 Nb5 37. Rdc1 Na3 38. Nb6 Bc5+ 39. Rc5 dc5 40. Rc1 Rb8 
41. Na4 Rd7 42. Rc3 Nb5 43. Rc5 Nd6 44. Rc6 Rc8 45. Kd4 Rc6 46. dc6 Rc7 
47. Kc5 e3 48. Nb2 e2 49. Nd3 Nc8 50. a4 Na7 51. Kd4 Rc6 52. Ke3 Re6+ 
53. Kf2 Nc6 54. Ne1 Re4 55. Nf3 Ra4 56. Ke2 Nd4+ 57. Nd4 Rd4 58. Ke3 Rd1 
59. Ke2 Rd7 
0-1

[Event "34th Chess Olympiad (women)"]
[Site "Istanbul"]
[Date "2000.10.30"]
[Round "3.15.2"]
[White "Phan-Koshnitsky, Ngan"]
[Black "Titova-Boric, Elena"]
[WhiteElo "2157"]
[BlackElo "2207"]
[WhiteCountry "AUS"]
[BlackCountry "BIH"]
[Result "1-0"]

1. d4 f5 2. g3 Nf6 3. Bg2 g6 4. c3 Bg7 5. Qb3 Nc6 6. Nf3 e6 7. a4 O-O 
8. O-O Kh8 9. a5 a6 10. Bg5 h6 11. Bf6 Qf6 12. Nbd2 d6 13. e4 e5 14. d5 Ne7 
15. Qc4 c6 16. Ne1 fe4 17. Ne4 cd5 18. Nf6 dc4 19. Nd5 Nf5 20. Nb6 Rb8 
21. Bd5 Ne7 22. Bc4 Bf5 23. Ng2 Rbd8 24. Ne3 Be4 25. Nbd5 Nc6 26. Rfd1 h5 
27. Nc7 Bf3 28. Rd2 Rf6 29. Ned5 Bh6 30. Nf6 Bd2 31. Ne6 Rb8 32. Bd3 Ne7 
33. Be4 Be2 34. Nd7 Rg8 35. Nf6 Rc8 36. Nd5 Nd5 37. Bd5 Bh6 38. Ra4 Bg4 
39. Rb4 Re8 40. Nc7 Re7 41. Rb7 Bc8 42. Rb8 Rc7 43. Be6 Bc1 44. Bc8 Kg7 
45. Ba6 Kf6 46. Rb6 Rc5 47. b4 Rc3 48. Rd6+ Kg7 49. Bb7 Ra3 50. a6 h4 
51. Kg2 hg3 52. hg3 Bb2 53. b5 Bd4 54. b6 
1-0

[Event "34th Chess Olympiad (women)"]
[Site "Istanbul"]
[Date "2000.10.30"]
[Round "3.15.3"]
[White "Dengler, Dijana"]
[Black "Dekic, Biljana N"]
[WhiteElo "2120"]
[BlackElo "2104"]
[WhiteCountry "BIH"]
[BlackCountry "AUS"]
[Result "1-0"]

1. d4 Nf6 2. Nf3 e6 3. Bg5 Be7 4. Nbd2 b6 5. e4 Bb7 6. Bd3 d5 7. e5 Ne4 
8. Be3 O-O 9. O-O Nd7 10. c3 h6 11. Qe2 c5 12. Bf4 g5 13. Be3 Kg7 14. Ne1 f5 
15. ef6+ Nef6 16. Nef3 Ne4 17. Ne5 Ne5 18. de5 Qc7 19. f4 Rad8 20. Be4 de4 
21. Qg4 Kh7 22. fg5 Qe5 23. gh6 Rf5 24. Qe2 Rg8 25. Rf2 Bg5 26. Rd1 Bd5 
27. Nf1 Rf2 28. Qf2 Qf6 29. Qf6 Bf6 30. c4 Bc4 31. Rd7+ Kg6 32. b3 Bd3 
33. g3 Rf8 34. Nd2 Bc3 35. h4 a5 36. g4 Kf6 37. Nc4 Bc4 38. bc4 Ke5 39. h7 Bd4 
40. Bd4+ cd4 41. Rf7 Rc8 42. g5 e3 43. g6 d3 44. g7 d2 45. g8Q d1Q+ 
46. Rf1 Rg8+ 47. hg8Q Qd2 48. Qb8+ Ke4 49. Qf4+ Kd3 50. Qd6+ Kc2 51. Qd2+ ed2 
52. h5 e5 53. Kf2 Kd3 54. h6 e4 55. Re1 
1-0

[Event "34th Chess Olympiad (women)"]
[Site "Istanbul"]
[Date "2000.10.30"]
[Round "3.16.1"]
[White "Hamid, Rani"]
[Black "Skripchenko-Lautier, Almira"]
[WhiteElo "2106"]
[BlackElo "2450"]
[WhiteCountry "BAN"]
[BlackCountry "MDA"]
[Result "0-1"]

1. e4 c5 2. Nf3 e6 3. d4 cxd4 4. Nxd4 Nc6 5. Nc3 Qc7 6. Be2 a6 7. Be3 Nf6 
8. O-O Bb4 9. Na4 Rb8 10. Bd3 b5 11. Nc3 Ne5 12. Bf4 d6 13. Bd2 Bc5 14. Nb3 Ba7 
15. Qe2 Nc4 16. Bc1 O-O 17. a4 Bd7 18. axb5 axb5 19. Bg5 Rfc8 20. Bxf6 gxf6 
21. Qf3 Nxb2 22. Qxf6 Qxc3 23. Qg5+ Qg7 24. Qxg7+ Kxg7 25. Rxa7 Be8 
26. Nd4 Nxd3 27. cxd3 Kf6 28. f4 b4 29. Nf3 b3 30. e5+ dxe5 31. fxe5+ Kg6 
32. Nd2 Rc2 33. Nb1 b2 34. d4 Bc6 35. Rf6+ Kg5 36. Raxf7 Be4 37. h4+ Kh5 
38. Rg7 Rc1+ 39. Kh2 Rh1+ 40. Kxh1 Bxb1 41. Kh2 Bg6 42. Rf1 b1Q 43. Rxb1 Rxb1 
44. Re7 Bf5 45. Kg3 Rh1 46. Rf7 Kg6 47. Rf6+ Kg7 48. d5 Re1 49. dxe6 Rxe5 
50. Rf7+ Kg6 51. h5+ Kg5 52. e7 h6 53. Kf2 Bd7 54. Kg3 Be8 55. Rg7+ Kf6 
56. Rh7 Rxh5 57. Kg4 Rh1 58. Kf4 Bf7 59. g4 Kxe7 60. Ke5 Re1+ 61. Kf5 Rf1+ 
62. Ke5 Rf6 63. Rh8 Ra6 64. Kf4 Bb3 65. Rb8 Ba2 66. Rb2 Kf6 67. Kg3 Be6 
68. Rb4 Ra3+ 69. Kf4 Rc3 70. Rb6 Rc4+ 71. Kf3 Ra4 72. Rc6 Ke7 73. Rc7+ Bd7 
74. Rb7 Rd4 75. Ra7 Rb4 76. Rc7 Kd6 77. Ra7 Bxg4+ 78. Kg3 Be6 79. Rh7 Rg4+ 
80. Kf3 Rg6 81. Kf4 Rf6+ 82. Kg3 Ke5 83. Rh8 Kf5 84. Rh7 Bf7 85. Rh8 Kg5 
86. Rb8 Rd6 87. Rb5+ Rd5 88. Rb3 Bg6 89. Rb4 Rd3+ 90. Kh2 Bf5 91. Ra4 Bg4 
92. Ra6 h5 93. Ra2 Re3 94. Ra4 Kh4 95. Rb4 Re2+ 96. Kg1 Kg3 
0-1

[Event "34th Chess Olympiad (women)"]
[Site "Istanbul"]
[Date "2000.10.30"]
[Round "3.16.2"]
[White "Sheremetieva, Marina"]
[Black "Sultana, Zakia"]
[WhiteElo "2340"]
[BlackElo "2044"]
[WhiteCountry "MDA"]
[BlackCountry "BAN"]
[Result "1-0"]

1. e4 e6 2. d3 d5 3. Nd2 Nf6 4. Ngf3 c5 5. g3 Nc6 6. Bg2 Be7 7. O-O O-O 
8. Re1 Qc7 9. c3 b6 10. e5 Nd7 11. Qe2 Ba6 12. h4 Rae8 13. Nf1 f6 14. exf6 Bxf6 
15. Bg5 h6 16. Bxf6 Nxf6 17. Qc2 e5 18. Ne3 Qd7 19. Rad1 Bc8 20. a3 Qf7 
21. b4 Ng4 22. b5 Nd8 23. Rd2 Nxe3 24. Rxe3 e4 25. dxe4 dxe4 26. Nh2 Qc4 
27. Bxe4 Qxb5 28. a4 Qa6 29. Rde2 Bd7 30. Bd5+ Kh8 31. Re7 Rxe7 32. Rxe7 Bf5 
33. Qe2 Qxe2 34. Rxe2 Bd7 35. Re7 Bc6 36. c4 a6 37. Ng4 Bxa4 38. Ne5 Be8 
39. Ra7 Rf6 40. Ra8 Rd6 41. Bf7 Ba4 42. Ng6+ Kh7 43. Nf8+ Kh8 44. Ne6 Rd1+ 
45. Kh2 Rh1+ 46. Kxh1 Bc6+ 47. Kg1 Bxa8 48. Nxd8 a5 49. Be8 Be4 50. Ba4 Kg8 
51. Nc6 Kf7 52. f4 Ke6 53. Kf2 Kd6 54. Ne5 h5 55. Ke3 Bf5 56. Be8 Bc2 
57. Kd2 Bb3 58. Bxh5 Ba4 59. Be2 Be8 60. h5 Ke6 61. g4 Kf6 62. g5+ Ke7 
63. Kc3 Ke6 64. Bg4+ Ke7 65. f5 a4 66. Ng6+ Kf7 67. Bf3 Kg8 68. Bd5+ Kh7 
69. Nf4 b5 70. cxb5 Bxb5 71. f6 
1-0

[Event "34th Chess Olympiad (women)"]
[Site "Istanbul"]
[Date "2000.10.30"]
[Round "3.16.3"]
[White "Khan, Nazrana"]
[Black "Agababean, Naira"]
[WhiteElo "2000"]
[BlackElo "2365"]
[WhiteCountry "BAN"]
[BlackCountry "MDA"]
[Result "0-1"]

1. d4 g6 2. c4 Bg7 3. e3 Nf6 4. Nc3 d6 5. Nf3 O-O 6. Be2 Nbd7 7. O-O c6 
8. b3 Re8 9. Bb2 e5 10. dxe5 dxe5 11. e4 Qc7 12. Qc2 Nf8 13. Rad1 Bg4 
14. Ne1 Bxe2 15. Nxe2 Ne6 16. f3 Rad8 17. Nd3 Nd7 18. Kh1 Nd4 19. Nxd4 exd4 
20. c5 Nf8 21. Bc1 Qe7 22. Bf4 Ne6 23. Bg3 h5 24. b4 g5 25. Qc4 Nf8 
26. Rfe1 Qe6 27. Qc2 Ng6 28. a4 a6 29. Kg1 Ne5 30. Nxe5 Bxe5 31. Bxe5 Qxe5 
32. Qd3 Kg7 33. Kf2 h4 34. Kg1 Rd7 35. Re2 Red8 36. Rde1 f6 37. Kh1 Re7 
38. Kg1 Rde8 39. Rd1 Rd7 40. Rc1 Red8 41. Rce1 Re7 42. Rc1 Kf8 43. Rb2 Qf4 
44. Re1 Qe5 45. Rd2 a5 46. Red1 Red7 47. Qc4 axb4 48. Qxb4 d3 49. Qc4 Rd4 
50. Qc3 Rxe4 51. Qxe5 Rxe5 52. Rxd3 Rxd3 53. Rxd3 Rxc5 54. Rd7 b5 55. a5 Rc1+ 
56. Kf2 Ra1 57. Ra7 b4 58. a6 b3 59. Rb7 Rxa6 60. Rxb3 Ra7 61. Rb2 Ke7 
62. Rd2 c5 63. Ke2 Rd7 64. Ra2 Ke6 65. Ke3 Rd6 66. Rb2 f5 67. Ra2 f4+ 
68. Ke2 c4 69. Ra5 Rd5 70. Ra6+ Ke5 71. Rc6 Kd4 72. Kd2 Ra5 73. Rd6+ Ke5 
74. Rd8 Rd5+ 75. Rxd5+ Kxd5 
0-1

[Event "34th Chess Olympiad (women)"]
[Site "Istanbul"]
[Date "2000.10.30"]
[Round "3.17.2"]
[White "Palao, Maricela"]
[Black "Cosma, Elena Luminita"]
[WhiteElo "2159"]
[BlackElo "2360"]
[WhiteCountry "COL"]
[BlackCountry "ROM"]
[Result "0-1"]

1. d4 d5 2. c4 e6 3. Nf3 c6 4. e3 Nf6 5. Nbd2 c5 6. Bd3 Nc6 7. O-O cxd4 
8. exd4 Be7 9. cxd5 Qxd5 10. Nb3 O-O 11. Re1 b6 12. Ne5 Bb7 13. Bc4 Qd8 
14. Nxf7 Rxf7 15. Bxe6 Qd6 16. Qe2 Re8 17. Bg5 Bf8 18. Bxf6 Rxe6 19. Qxe6 Qxe6 
20. Rxe6 Rxf6 21. Rxf6 gxf6 22. Rc1 Bd6 23. a3 Kf7 24. g3 Ke6 25. f4 Ne7 
26. Kf2 Kd5 27. Rd1 a5 28. Nd2 Nf5 29. g4 Ne7 30. Ke3 f5 31. h3 Ke6 32. Re1 Kf6 
33. g5+ Kf7 34. Nc4 Nd5+ 35. Kf2 Bxf4 36. h4 Bc7 37. Ne5+ Bxe5 38. Rxe5 Ne7 
39. Re1 Be4 40. Rc1 Nc6 41. Rd1 Ne7 42. Rc1 Nc6 43. Rd1 Ke6 44. Ke3 Ne7 
45. Rg1 Nd5+ 46. Kf2 Nf4 47. Rd1 Kd5 48. Kg3 Nd3 49. Rd2 f4+ 50. Kh2 f3 
0-1

[Event "34th Chess Olympiad (women)"]
[Site "Istanbul"]
[Date "2000.10.30"]
[Round "3.17.3"]
[White "Sasu-Ducsoara, Andreea"]
[Black "Pulido, Denise"]
[WhiteElo "2229"]
[BlackElo "2000"]
[WhiteCountry "ROM"]
[BlackCountry "COL"]
[Result "1-0"]

1. d4 d5 2. Nc3 e6 3. e4 c6 4. Nf3 Nd7 5. Bd3 dxe4 6. Nxe4 Ngf6 7. Qe2 Be7 
8. Bd2 O-O 9. O-O-O Qc7 10. g4 Nd5 11. Neg5 h6 12. Nh3 N7b6 13. c4 Nb4 
14. Bxb4 Bxb4 15. g5 h5 16. g6 e5 17. gxf7+ Rxf7 18. Nxe5 Bxh3 19. Qxh5 Be6 
20. c5 Rd8 21. cxb6 axb6 22. Nxf7 Bxf7 23. Qh7+ Kf8 24. Qh8+ Bg8 25. Bc4 Qf4+ 
26. Kb1 Qf5+ 27. Ka1 Qh7 28. Qxg8+ Qxg8 29. Bxg8 Kxg8 30. Rhg1 Bd6 31. h4 Rf8 
32. Rg6 Be7 33. Rdg1 Bf6 34. R6g4 Rd8 35. Rd1 Rd5 36. Kb1 Rf5 37. Rd2 Rd5 
38. Kc2 Kf7 39. f3 b5 40. Rd3 Rh5 41. Ra3 Rd5 42. Ra7 Rd7 43. d5 Ke7 
44. dxc6 bxc6 45. Rxd7+ Kxd7 46. b3 c5 47. a4 b4 48. Kd3 Kd6 49. Kc4 Kc6 
50. Rg6 
1-0

[Event "34th Chess Olympiad (women)"]
[Site "Istanbul"]
[Date "2000.10.30"]
[Round "3.18.1"]
[White "Pokorna, Regina"]
[Black "Tamin, Upi"]
[WhiteElo "2363"]
[BlackElo "2240"]
[WhiteCountry "SVK"]
[BlackCountry "INA"]
[Result "1-0"]

1. e4 c5 2. Nf3 d6 3. d4 cxd4 4. Nxd4 Nf6 5. Nc3 a6 6. Bc4 e6 7. Bb3 Nbd7 
8. f4 Nc5 9. Qf3 Be7 10. O-O O-O 11. Be3 Qc7 12. Rae1 b5 13. e5 Bb7 
14. exf6 Bxf3 15. fxe7 Qxe7 16. Rxf3 b4 17. Na4 Nxb3 18. axb3 Qc7 19. c3 Rab8 
20. c4 Rfe8 21. Bf2 g6 22. Rfe3 Rec8 23. Nf3 Qa5 24. Rd3 Rd8 25. Red1 Qc7 
26. Bh4 Kg7 27. Bxd8 Rxd8 28. Rd4 a5 29. R4d3 d5 30. g3 h6 31. c5 Kf6 
32. Nd4 Rb8 33. R1d2 g5 34. fxg5+ hxg5 35. Rf2+ Kg6 36. Rdf3 Re8 37. Rf6+ Kh5 
38. Rxf7 Qe5 39. Nf3 Qe3 40. c6 Qc1+ 41. Kg2 e5 42. Rf6 e4 43. Nd4 Re5 
44. Ne6 Rxe6 45. Rxe6 e3 46. h3 
1-0

[Event "34th Chess Olympiad (women)"]
[Site "Istanbul"]
[Date "2000.10.30"]
[Round "3.18.2"]
[White "Zakiah, Al"]
[Black "Mrvova, Alena"]
[WhiteElo "2000"]
[BlackElo "2231"]
[WhiteCountry "INA"]
[BlackCountry "SVK"]
[Result "1/2-1/2"]

1. d4 d5 2. c4 e6 3. Nc3 Be7 4. Bf4 Nf6 5. Nf3 O-O 6. e3 c6 7. Bd3 Nbd7 
8. Ne5 Nxe5 9. Bxe5 dxc4 10. Bxc4 Qa5 11. O-O Nd7 12. Bg3 e5 13. d5 Nb6 
14. Qb3 Nxc4 15. Qxc4 cxd5 16. Qxd5 Qxd5 17. Nxd5 Bd6 18. Rfd1 Rd8 19. Rac1 Be6 
20. a3 Kf8 21. h3 f6 22. Nc3 Bc5 23. Ne4 Bb6 24. Nd6 Ke7 25. Ne4 Rac8 
26. Nc3 Bb3 27. Rxd8 Rxd8 28. Nb1 Rd3 29. Kf1 Rd1+ 30. Rxd1 Bxd1 31. Ke1 Bb3 
32. Nc3 Ba5 33. Kd2 Bc4 34. b4 Bc7 35. e4 a5 36. Nd1 axb4 37. axb4 Bb6 
38. f4 Bf1 39. fxe5 Bxg2 40. exf6+ gxf6 41. Nc3 Kf7 42. h4 Bf1 43. Nd5 Bd4 
44. Ne3 Bxe3+ 45. Kxe3 Ke6 46. Kd4 Bg2 47. Be1 Bh1 48. Bf2 
1/2-1/2

[Event "34th Chess Olympiad (women)"]
[Site "Istanbul"]
[Date "2000.10.30"]
[Round "3.18.3"]
[White "Chorvatova, Elena"]
[Black "Lindiawati, Evi"]
[WhiteElo "2077"]
[BlackElo "2000"]
[WhiteCountry "SVK"]
[BlackCountry "INA"]
[Result "1-0"]

1. e4 e5 2. Nf3 Nc6 3. d4 exd4 4. Nxd4 Bc5 5. Be3 Qf6 6. c3 Nge7 7. g3 d5 
8. Bg2 dxe4 9. Nb5 Bd6 10. Nxd6+ Qxd6 11. Qxd6 cxd6 12. Bxe4 Bh3 13. Na3 O-O-O 
14. O-O-O d5 15. Bf3 Be6 16. Nb5 a6 17. Nd4 Ne5 18. Nxe6 fxe6 19. Bg2 Nf5 
20. Rhe1 Ng4 21. Bd4 Rhe8 22. f3 Nf6 23. Bh3 Nxd4 24. Rxd4 Rd6 25. f4 Kc7 
26. g4 Nd7 27. Bg2 Nb6 28. b3 Kd7 29. Kd2 Nc8 30. h4 Na7 31. f5 Nb5 
32. fxe6+ Rexe6 33. Rxd5 Rxd5+ 34. Bxd5 Rxe1 35. Kxe1 Nxc3 36. Bxb7 Nxa2 
37. Bxa6 Kd6 38. Kd2 Ke5 39. Ke3 Nb4 40. Bc4 h6 41. Bf7 g5 42. h5 Nc6 
43. Bg6 Nb4 44. Be4 Na6 45. Bf3 Nb4 46. Bb7 Nc2+ 47. Kd3 Nd4 48. Kc4 Ne6 
49. Bc8 Nf4 50. b4 Nd5 51. Kc5 Nc3 52. b5 Nd5 53. b6 Nxb6 54. Kxb6 Kd6 
55. Bf5 Kd5 56. Kc7 Ke5 57. Kd7 Kd5 
1-0

[Event "34th Chess Olympiad (women)"]
[Site "Istanbul"]
[Date "2000.10.30"]
[Round "3.19.2"]
[White "Macek, Vlasta"]
[Black "Berntsen, Sheila Barth"]
[WhiteElo "2277"]
[BlackElo "2094"]
[WhiteCountry "CRO"]
[BlackCountry "NOR"]
[Result "1/2-1/2"]

1. d4 f5 2. Nf3 Nf6 3. g3 g6 4. Bg2 Bg7 5. O-O O-O 6. c4 d6 7. Nc3 Qe8 
8. Qb3 h6 9. Nb5 Na6 10. d5 c6 11. Nc3 Nc5 12. Qd1 Bd7 13. Be3 Nce4 
14. Nxe4 Nxe4 15. Bd4 e5 16. dxe6ep Bxe6 17. Bxg7 Kxg7 18. Qd4+ Rf6 19. b3 Bf7 
20. Rad1 a5 21. Nd2 Nc5 22. e4 Qe5 23. Qxe5 dxe5 24. exf5 gxf5 25. Nf3 
1/2-1/2

[Event "34th Chess Olympiad (women)"]
[Site "Istanbul"]
[Date "2000.10.30"]
[Round "3.19.3"]
[White "Hersvik, Anita"]
[Black "Bazaj-Bockai, Snjezana"]
[WhiteElo "2172"]
[BlackElo "2162"]
[WhiteCountry "NOR"]
[BlackCountry "CRO"]
[Result "0-1"]

1. e4 c5 2. c3 d5 3. exd5 Qxd5 4. d4 Nf6 5. Nf3 Bg4 6. Be2 e6 7. O-O Be7 
8. Na3 O-O 9. Nc2 cxd4 10. Ncxd4 Nbd7 11. Bf4 a6 12. a4 Rac8 13. a5 Rfd8 
14. h3 Bh5 15. g4 Bg6 16. c4 Qc5 17. Ra4 e5 18. b4 Qc7 19. Bh2 Ne4 20. Qa1 h5 
21. Nb3 Bf6 22. Qc1 hxg4 23. hxg4 Qc6 24. b5 axb5 25. cxb5 Qxc1 26. Rxc1 Nc3 
27. Rxc3 Rxc3 28. Nbd2 Rc1+ 29. Kg2 e4 30. Nxe4 Be7 31. Bf4 Nc5 32. Nxc5 Rxc5 
33. Ne5 Bc2 34. Ra2 Bd6 35. Bg5 Rxe5 36. Bxd8 Rxe2 37. Kf3 Rd2 38. Ke3 Rd3+ 
39. Ke2 Bb4 40. Bg5 Rd5 41. Rxc2 Rxg5 42. a6 bxa6 43. bxa6 Ra5 44. Rc8+ Kh7 
45. Ra8 Ra3 46. f3 Kg6 47. Rb8 Bc5 48. Rc8 Ba7 49. Rc6+ f6 50. Rd6 Re3+ 
0-1

[Event "34th Chess Olympiad (women)"]
[Site "Istanbul"]
[Date "2000.10.30"]
[Round "3.20.1"]
[White "Cinak, Nilufer"]
[Black "Hund, Barbara"]
[WhiteElo "2057"]
[BlackElo "2292"]
[WhiteCountry "TURA"]
[BlackCountry "SUI"]
[Result "0-1"]

1. e4 e5 2. Nf3 Nc6 3. Bb5 a6 4. Ba4 Nf6 5. Qe2 Be7 6. c3 b5 7. Bb3 d6 
8. d3 O-O 9. Nbd2 Na5 10. Bc2 c5 11. Nf1 d5 12. Ng3 Nc6 13. O-O d4 14. Bd2 a5 
15. a4 dxc3 16. Bxc3 b4 17. Nxe5 Nb8 18. Bd2 Qd4 19. Nc4 Bg4 20. Qe3 Nc6 
21. h3 Be6 22. Ne2 Qxe3 23. Bxe3 Nxe4 24. Nxa5 Rxa5 25. dxe4 b3 26. Bd1 Bf6 
27. Bd2 Nb4 28. Bc3 Bxc3 29. Nxc3 Nc2 30. Bxc2 bxc2 31. Rfc1 Bb3 32. Ra3 c4 
33. Kf1 Rd8 34. Raa1 f5 35. exf5 Rxf5 36. a5 Ra8 37. a6 Ra7 38. f3 h5 
39. Kf2 Rf6 40. Ke3 Rfxa6 41. Rxa6 Rxa6 42. Ne2 Re6+ 43. Kf2 Rd6 44. Ke3 Rd1 
45. h4 Kf7 46. Kf4 Kf6 47. g3 g6 48. g4 hxg4 49. fxg4 g5+ 50. hxg5+ Kg6 
51. Kf3 Kxg5 52. Kg3 Rd3+ 53. Kf2 Kxg4 54. Rg1+ Kf5 55. Re1 Rd1 56. Nc1 Kf4 
57. Ne2+ Ke4 58. Nc1+ Kd4 59. Ke2 Rxe1+ 60. Kxe1 Ke3 61. Ne2 c3 62. bxc3 Ba2 
63. c4 Bxc4 64. Nc1 Be6 65. Ne2 Ba2 66. Nc1 Bc4 67. Ne2 Kd3 68. Kf2 Kd2 
0-1

[Event "34th Chess Olympiad (women)"]
[Site "Istanbul"]
[Date "2000.10.30"]
[Round "3.20.2"]
[White "Gruenenwald, Evi"]
[Black "Cavusoglu, Yildiz"]
[WhiteElo "2038"]
[BlackElo "2000"]
[WhiteCountry "SUI"]
[BlackCountry "TURA"]
[Result "0-1"]

1. d4 d5 2. c4 e6 3. Nf3 Nf6 4. Nc3 Be7 5. Bg5 O-O 6. e3 h6 7. Bh4 b6 
8. cxd5 Nxd5 9. Bxe7 Qxe7 10. Be2 Bb7 11. O-O Nd7 12. Rc1 c5 13. dxc5 Nxc5 
14. Nxd5 Bxd5 15. b4 Ne4 16. Qd4 Rfd8 17. Qb2 Ng5 18. Nd2 Qb7 19. f3 Qe7 
20. Rc2 Bb7 21. Rfc1 Rac8 22. Rxc8 Rxc8 23. Rxc8+ Bxc8 24. Qc3 Bb7 25. a3 Nh7 
26. Qe5 Qd8 27. Nb3 Nf6 28. Qd4 Qxd4 29. Nxd4 Nd5 30. Kf2 Nc7 31. Ke1 Kf8 
32. Kd2 Ke7 33. e4 a6 34. Bc4 Kd6 35. Ke3 Ke7 36. h4 Ne8 37. f4 Nd6 38. Bd3 Ne8 
39. g3 Nc7 40. Ne2 Ne8 41. Nc3 Nc7 42. Na4 Na8 43. h5 Bc6 44. Nc3 Nc7 
45. Kd4 Kd7 46. Be2 Ke7 47. a4 f6 48. a5 bxa5 49. bxa5 e5+ 50. Kc5 Ba8 
51. f5 Kd7 52. Bd3 Ke7 53. Nd5+ Nxd5 54. exd5 Bb7 55. d6+ Kd7 56. Bc4 e4 
57. Be6+ Kd8 58. Kb6 e3 59. Kxb7 e2 60. Kxa6 e1Q 61. d7 Qxg3 62. Kb6 Qc7+ 
63. Kb5 Qb7+ 64. Kc5 Qa6 65. Kb4 Qc6 66. Bc4 Qxd7 67. a6 Qa7 68. Kb5 Kc7 
69. Kb4 Kd6 
0-1

[Event "34th Chess Olympiad (women)"]
[Site "Istanbul"]
[Date "2000.10.30"]
[Round "3.20.3"]
[White "Yildiz, Betul"]
[Black "Bohrer Moser, Ruth"]
[WhiteElo "2000"]
[BlackElo "2015"]
[WhiteCountry "TURA"]
[BlackCountry "SUI"]
[Result "1/2-1/2"]

1. d4 f5 2. Nf3 Nf6 3. c4 e6 4. Nc3 d5 5. Bg5 Be7 6. e3 O-O 7. Bd3 c6 
8. Ne5 Ne4 9. Bxe7 Qxe7 10. O-O Nd7 11. f4 Rf6 12. Nxe4 fxe4 13. Be2 Nxe5 
14. fxe5 Rh6 15. Rf4 Bd7 16. c5 Rf8 17. Qf1 g5 18. Rxf8+ Qxf8 19. Qxf8+ Kxf8 
20. Rf1+ Ke7 21. b4 a6 22. a4 Be8 23. Rb1 Rg6 24. b5 axb5 25. axb5 Rg8 
26. b6 Bd7 27. Rf1 Rf8 28. Rxf8 Kxf8 29. h4 h6 30. Kh2 Kg7 31. Bh5 gxh4 
32. Kh3 Kh7 33. Kxh4 Kg7 34. g4 Kh7 35. g5 Kg7 36. gxh6+ Kxh6 37. Kg4 Bc8 
38. Be8 Kg7 39. Kg5 Kf8 40. Bxc6 bxc6 41. Kf6 Ke8 42. b7 Bxb7 43. Kxe6 Ba6 
44. Kd6 Bb5 45. e6 Ba4 46. e7 Bb5 47. Ke6 Bf1 48. Kd6 Bb5 49. Ke6 Ba4 
50. Kd6 Bb5 51. Ke6 Ba6 52. Kd6 Bb5 
1/2-1/2